[Event "Irish Championship 2016"]
[Site "Dublin IRL"]
[Date "2016.07.10"]
[Round "9.2"]
[White "Daly, Colm"]
[Black "O'Connell, Gerard"]
[Result "1-0"]
[WhiteTitle "FM"]
[WhiteElo "2334"]
[BlackElo "2104"]
[WhiteICU "2262"]
[BlackICU "2015"]
[WhiteClub "Bray/Greystones"]
[BlackClub "St. Benildus"]
[WhiteNationality "IRL"]
[BlackNationality "IRL"]
[WhiteFideId "2500434"]
[BlackFideId "2500493"]
[PlyCount "175"]
[EventDate "2016.07.02"]
[Source "Live boards"]

{ Event information: <a
href="https://www.irlchess.com/irlch2016_allfiles/pairings_irlch2016.html">Tournament
report</a>. }

1. g3 g6 2. Bg2 Bg7 3. c4 d6 4. Nc3 e5 5. d3 Nc6 6. Rb1 a5 7. a3 f5 8. Nf3
Nf6 9. O-O O-O 10. Bg5 h6 11. Bxf6 Bxf6 12. Nd5 Ne7 13. Nxf6+ Rxf6 14. b4
Kg7 15. Qc2 Bd7 16. Rfc1 b6 17. Qb2 Bc6 18. c5 axb4 19. axb4 Bd5 20. cxb6
cxb6 21. Ra1 Rxa1 22. Qxa1 Qb8 23. b5 Rf8 24. Qa3 Rc8 25. Rxc8 Nxc8 26. Qc3
Ne7 27. e4 fxe4 28. dxe4 Be6 29. Bf1 Qc8 30. Qa3 Qc7 31. Nd2 g5 32. Qa8 d5
33. exd5 Bxd5 34. Qa1 Nf5 35. Qa3 Nd4 36. Qe3 g4 37. h3 Nf3+ 38. Nxf3 gxf3
39. Kh2 Qd6 40. Bd3 Bb7 41. Be4 Bxe4 42. Qxe4 Qc5 43. Qb7+ Kg8 44. Qxf3
Qxb5 45. Qf6 Qc5 46. h4 Qf8 47. Qxb6 Qf5 48. Kg1 Kg7 49. Qb5 Qf6 50. Qb7+
Kg8 51. Kg2 Qf5 52. Qf3 Qe6 53. Qe4 Qf6 54. Qg4+ Kh7 55. h5 Qc6+ 56. f3 Qf6
57. Qd7+ Kg8 58. Qg4+ Kh7 59. Kh3 Kh8 60. Kg2 Kh7 61. Qe4+ Kg7 62. Qb7+ Kg8
63. Kf2 Qd6 64. Qa8+ Kg7 65. Qa7+ Kg8 66. Qa2+ Kg7 67. Qc2 Qb6+ 68. Ke2 Qf6
69. Qc7+ Kg8 70. Qc8+ Kg7 71. Qb7+ Kg8 72. g4 Qd6 73. Qc8+ Kg7 74. Qc4 Qb6
75. Kd3 Qf6 76. Qc7+ Kg8 77. Qc8+ Kg7 78. Qb7+ Kg8 79. Kc4 Qf4+ 80. Qe4
Qc1+ 81. Kd5 Qb2 82. Qg6+ Kf8 83. Qxh6+ Kg8 84. Qg6+ Kf8 85. Qd6+ Kg8 86.
Ke6 Kh7 87. Qe7+ Kh6 88. Kd5 1-0

[Event "Irish Championship 2016"]
[Site "Dublin IRL"]
[Date "2016.07.10"]
[Round "9.3"]
[White "Delaney, Killian"]
[Black "Mirza, Diana"]
[Result "1-0"]
[BlackTitle "WCM"]
[WhiteElo "2190"]
[BlackElo "1889"]
[WhiteICU "2141"]
[BlackICU "1916"]
[WhiteClub "Gonzaga"]
[BlackClub "St. Michael's"]
[WhiteNationality "IRL"]
[BlackNationality "IRL"]
[WhiteFideId "2501570"]
[BlackFideId "2503999"]
[PlyCount "63"]
[EventDate "2016.07.02"]
[Source "Live boards"]

{ Event information: <a
href="https://www.irlchess.com/irlch2016_allfiles/pairings_irlch2016.html">Tournament
report</a>. }

1. e4 c5 2. c3 Nf6 3. e5 Nd5 4. Bc4 e6 5. Nf3 d6 6. d4 cxd4 7. cxd4 Nc6 8.
O-O Be7 9. Qe2 O-O 10. Nc3 Nxc3 11. bxc3 dxe5 12. dxe5 Qa5 13. Rb1 Rd8 14.
Qe4 Qc7 15. Ng5 g6 16. Qh4 h5 17. f4 Kg7 18. Qg3 Na5 19. Be2 Rh8 20. Bd3 h4
21. Qg4 Bxg5 22. fxg5 Nc6 23. Be3 Qxe5 24. Rf3 Qd6 25. Rbf1 Nd8 26. Qe4 e5
27. Rf6 Bf5 28. Rxd6 Bxe4 29. Bxe4 Rc8 30. Rd7 Rxc3 31. Bxa7 b5 32. Bb6 1-0

[Event "Irish Championship 2016"]
[Site "Dublin IRL"]
[Date "2016.07.10"]
[Round "9.4"]
[White "Butler, Kevin C."]
[Black "Fox, Anthony"]
[Result "1-0"]
[WhiteElo "2042"]
[BlackElo "1997"]
[WhiteICU "1981"]
[BlackICU "1959"]
[WhiteClub "Phibsboro"]
[BlackClub "Dun Laoghaire"]
[WhiteNationality "IRL"]
[BlackNationality "IRL"]
[WhiteFideId "2501538"]
[BlackFideId "2500736"]
[PlyCount "97"]
[EventDate "2016.07.02"]
[Source "Live boards"]

{ Event information: <a
href="https://www.irlchess.com/irlch2016_allfiles/pairings_irlch2016.html">Tournament
report</a>. }

1. d4 d5 2. c4 e6 3. Nc3 Be7 4. Nf3 Nf6 5. Bf4 O-O 6. e3 c5 7. dxc5 Bxc5 8.
a3 Nc6 9. b4 Be7 10. cxd5 Nxd5 11. Nxd5 exd5 12. Rc1 Be6 13. Bd3 Rc8 14.
O-O Bf6 15. Bb1 Re8 16. b5 Na5 17. Rxc8 Qxc8 18. Nd4 Nc4 19. Qd3 g6 20. Rc1
Qd7 21. a4 Nd6 22. Ba2 Rc8 23. Rxc8+ Nxc8 24. h3 Nd6 25. f3 Ne8 26. Bg3 Qc8
27. Nxe6 fxe6 28. Qd2 Qc5 29. Bf2 Kf7 30. e4 d4 31. f4 Qc3 32. Qxc3 dxc3
33. Bb3 b6 34. e5 Be7 35. Kf1 Nc7 36. Ke2 Nd5 37. Bxd5 exd5 38. Kd3 Ke6 39.
Kxc3 Kf5 40. a5 Kxf4 41. Bxb6 Kxe5 42. Bxa7 Kd6 43. Bd4 Bd8 44. a6 Ba5+ 45.
Kb3 Kc7 46. Ka4 Bd2 47. b6+ Kc6 48. b7 Bf4 49. Ba7 1-0

[Event "Irish Championship 2016"]
[Site "Dublin IRL"]
[Date "2016.07.10"]
[Round "9.5"]
[White "Tirziman, Rudolf"]
[Black "O'Neill, Paul"]
[Result "1-0"]
[WhiteElo "1900"]
[BlackElo "1784"]
[WhiteICU "1838"]
[BlackICU "1785"]
[WhiteClub "Blanchardstown"]
[BlackClub "Naomh Barrog"]
[WhiteNationality "IRL"]
[BlackNationality "IRL"]
[WhiteFideId "2508664"]
[BlackFideId "2507692"]
[PlyCount "89"]
[EventDate "2016.07.02"]
[Source "Live boards"]

{ Event information: <a
href="https://www.irlchess.com/irlch2016_allfiles/pairings_irlch2016.html">Tournament
report</a>. }

1. e4 c5 2. Nf3 d6 3. Bb5+ Bd7 4. Bxd7+ Nxd7 5. c4 Ngf6 6. Nc3 g6 7. d4
cxd4 8. Nxd4 Bg7 9. O-O O-O 10. b3 Nc5 11. f3 e6 12. Be3 Qe7 13. Re1 Rfd8
14. Qd2 Rd7 15. Rad1 Rad8 16. b4 Na6 17. Ncb5 Rc8 18. Rc1 b6 19. a3 Nb8 20.
Nb3 Nc6 21. Bg5 a6 22. N5d4 Ne5 23. Qe2 h6 24. Be3 Rdc7 25. Nd2 Nfd7 26. f4
Nc6 27. Nc2 Ncb8 28. Qd3 b5 29. Na1 bxc4 30. Rxc4 d5 31. Rxc7 Rxc7 32. e5
Kh7 33. Nab3 f6 34. exf6 Qxf6 35. Bd4 Qf7 36. Qe3 Nf8 37. Nc5 Rc6 38. Nf3
Nbd7 39. Rc1 Nxc5 40. Rxc5 Qc7 41. Bxg7 Kxg7 42. Qc3+ d4 43. Rxc6 Qxf4 44.
Qxd4+ e5 45. Qxe5+ 1-0

[Event "Irish Championship 2016"]
[Site "Dublin IRL"]
[Date "2016.07.10"]
[Round "9.6"]
[White "MacElligott, Gerard"]
[Black "Melaugh, Shane"]
[Result "0-1"]
[WhiteTitle "CM"]
[WhiteElo "2060"]
[BlackElo "1677"]
[WhiteICU "1984"]
[BlackICU "1776"]
[WhiteClub "Elm Mount"]
[BlackClub "Elm Mount"]
[WhiteNationality "IRL"]
[BlackNationality "IRL"]
[WhiteFideId "2500647"]
[BlackFideId "2509580"]
[PlyCount "86"]
[EventDate "2016.07.02"]
[Source "Live boards"]

{ Event information: <a
href="https://www.irlchess.com/irlch2016_allfiles/pairings_irlch2016.html">Tournament
report</a>. }

1. Nf3 f5 2. d3 Nf6 3. e4 fxe4 4. Ng5 d5 5. dxe4 h6 6. e5 hxg5 7. exf6 gxf6
8. Bd3 Be6 9. c4 Bf7 10. cxd5 Qxd5 11. O-O Nc6 12. Nc3 Qd6 13. f4 O-O-O 14.
Qg4+ Be6 15. Qe2 Kb8 16. Be4 gxf4 17. Bxc6 Qxc6 18. Bxf4 Bh6 19. Bxh6 Rxh6
20. Rae1 Rg8 21. Rf3 Rhg6 22. Qf2 Rxg2+ 23. Qxg2 Rxg2+ 24. Kxg2 Bg4 25. Rf1
Bxf3+ 26. Rxf3 e5 27. Kg3 f5 28. h4 f4+ 29. Kg4 Qg6+ 30. Kh3 Qg1 31. Ne2
Qh1+ 32. Kg4 Qg2+ 33. Ng3 Kc8 34. h5 fxg3 35. Rxg3 Qe4+ 36. Kh3 Qf5+ 37.
Kh4 e4 38. Rg8+ Kd7 39. h6 Qf6+ 40. Kh5 Qf7+ 41. Rg6 e3 42. Kg5 e2 43. Rg7
Qxg7+ 0-1

[Event "Irish Championship 2016"]
[Site "Dublin IRL"]
[Date "2016.07.10"]
[Round "9.7"]
[White "Beatty, Ross"]
[Black "Keogh, Eamon"]
[Result "0-1"]
[BlackTitle "NM"]
[WhiteElo "1770"]
[BlackElo "2021"]
[WhiteICU "1847"]
[BlackICU "1930"]
[WhiteClub "St. Benildus"]
[BlackClub "Kilkenny"]
[WhiteNationality "IRL"]
[BlackNationality "IRL"]
[WhiteFideId "2507552"]
[BlackFideId "2500264"]
[PlyCount "96"]
[EventDate "2016.07.02"]
[Source "Live boards"]

{ Event information: <a
href="https://www.irlchess.com/irlch2016_allfiles/pairings_irlch2016.html">Tournament
report</a>. }

1. e4 c5 2. Nf3 e6 3. d3 d5 4. Nbd2 Nc6 5. g3 Nf6 6. Bg2 dxe4 7. dxe4 Bd7
8. O-O Nd4 9. Nxd4 cxd4 10. e5 Nd5 11. Nb3 Bb5 12. Re1 d3 13. c3 Qb6 14.
Bxd5 exd5 15. Be3 Qa6 16. Nd4 Bc5 17. Nxb5 Qxb5 18. Bxc5 Qxc5 19. Qxd3 O-O
20. Rad1 Rad8 21. Qd4 Qa5 22. a3 Rfe8 23. Re3 g6 24. Red3 Qb5 25. R3d2 b6
26. Qf4 Qb3 27. c4 d4 28. Rxd4 Qxd1+ 29. Rxd1 Rxd1+ 30. Kg2 Re1 31. c5 bxc5
32. Qa4 R8xe5 33. Qxa7 R1e2 34. Qb8+ Kg7 35. Qb5 Rc2 36. Kf1 Rf5 37. f4 Rd5
38. Ke1 Rdd2 39. Qa5 Rxh2 40. Kd1 Rxb2 41. Qc3+ Kh6 42. Kc1 Ra2 43. Kb1
Rae2 44. Qc1 c4 45. a4 c3 46. f5+ g5 47. Qg1 Rb2+ 48. Kc1 Rhc2+ 0-1

[Event "Irish Championship 2016"]
[Site "Dublin IRL"]
[Date "2016.07.10"]
[Round "9.8"]
[White "Thee, Bernd"]
[Black "Scott, Luke"]
[Result "0-1"]
[WhiteElo "1961"]
[BlackElo "1922"]
[WhiteICU "1832"]
[BlackICU "1862"]
[WhiteClub "Adare"]
[BlackClub "Blanchardstown"]
[WhiteNationality "IRL"]
[BlackNationality "IRL"]
[WhiteFideId "2505630"]
[BlackFideId "2507986"]
[PlyCount "74"]
[EventDate "2016.07.02"]
[Source "Scoresheet"]

{ Event information: <a
href="https://www.irlchess.com/irlch2016_allfiles/pairings_irlch2016.html">Tournament
report</a>. }

1. d4 Nf6 2. Nf3 d5 3. c4 c6 4. e3 Bf5 5. Nc3 e6 6. cxd5 cxd5 7. Nh4 Bg6 8.
Nxg6 hxg6 9. Bd3 Nc6 10. Bd2 Rc8 11. a3 a6 12. Rc1 Bd6 13. h3 O-O 14. Qb3
Na5 15. Qc2 Nc4 16. h4 b5 17. Bxc4 Rxc4 18. Qd3 Qc7 19. b3 Rc6 20. b4 Rc8
21. Ke2 Qe7 22. f4 Nh5 23. Kf3 f5 24. g3 Nf6 25. Ne2 Rc4 26. Rxc4 dxc4 27.
Qb1 Qb7+ 28. e4 Nxe4 29. Ke3 c3 30. Bc1 c2 31. Qb3 Kf7 32. h5 gxh5 33. Rxh5
Nf6 34. Rg5 Qh1 35. Qd3 Ne4 36. d5 Rc3 37. Nxc3 Qg1+ 0-1